| 000 | 01135pam a2200337 a 4500 | ||
|---|---|---|---|
| 005 | 20260322212010.0 | ||
| 008 | data | ||
| 010 | _a 88023826 | ||
| 020 |
_a0934395950 : _c{dollar}14.95 |
||
| 020 |
_a9780934395953 : _c{dollar}14.95 |
||
| 040 |
_aDLC _cDLC _dDLC |
||
| 043 | _an-us--- | ||
| 050 | 0 | 0 |
_aE655 _b.G37 1988 |
| 082 | 0 | 0 |
_a973.7 _219 |
| 092 | _a973.7 G37 1988 | ||
| 100 | 1 | _aGarrison, Webb B. | |
| 245 | 1 | 2 |
_aA treasury of Civil War tales / _cWebb B. Garrison. |
| 260 |
_aNashville, Tenn. : _bRutledge Hill Press, _cc1988. |
||
| 300 |
_a256 p. : _bill. ; _c24 cm. |
||
| 500 | _aIncludes index. | ||
| 651 | 0 |
_aUnited States _xAnecdotes. _yCivil War, 1861-1865 _xAnecdotes. |
|
| 740 | 0 | _aCivil War tales. | |
| 856 | 4 | 1 |
_3Table of contents _uhttp://www.loc.gov/catdir/toc/fy052/88023826.html |
| 906 |
_a7 _bcbc _corignew _d1 _eocip _f19 _gy-gencatlg |
||
| 925 | 0 |
_aacquire _b2 shelf copies _xpolicy default |
|
| 991 |
_bc-GenColl _hE655 _i.G37 1988 _tCopy 1 _wBOOKS |
||
| 991 |
_bc-GenColl _hE655 _i.G37 1988 _p00002987600 _tCopy 2 _wCCF |
||
| 001 | data | ||
| 999 |
_c206 _d206 |
||